000 00528cam a22001931i 4500
001 sa 64003798
003 DLC
005 20260227112020.0
008 830411s1963 io 000 1 ind
010 _asa 64003798
035 _a(OCoLC)9397179
040 _aDLC
_cOAU
_dDLC
042 _apremarc
050 0 0 _aPL5089.A53
_bP4
100 1 _aAn, Todjin.
245 1 0 _aPedang kilat dari gunung Thian San ;
_b(Thian San lui tian kiam)
260 _aDjakarta :
_bMarga Raya,
_c1963.
300 _a6 pts. in 1 v. (384 p.) ;
_c16 cm.
999 _c58130
_d58130